=LDR 00000nam 2200000 4500 =001 INLIS000000000058865 =005 20211013102559 =035 ##$$a 0010-1021000313 =007 ta =008 211013###########################0#ind## =020 ##$$a 978-623-96269-0-7 =082 ##$$a 646.72 =084 ##$$a 646.72 Ver r =245 1#$$a Rahasia Tampil Modis, Sehat & cantik /$c Veronica Kusuma, S.Kep =300 ##$$a 122 halaman : $b Ilustrasi ; $c 20 cm =650 #4$$a Kecantikan Diri =264 ##$$a Yogyakarta :$b Griya Pustaka Utama,$c 2021 =336 ##$$a teks$2 rdacontent =337 ##$$a lain-lain$2 rdamedia =338 ##$$a lain-lain$2 rdacarrier =990 ##$$a 18831883 =990 ##$$a 18831883